[Event "Campeonato Continental Americas 2009"]
[Site "Sao Paulo BRA"]
[Date "2009.07.25"]
[Round "1.2"]
[White "Roland, Marcos Maldonado"]
[Black "Vescovi, Giovanni"]
[Result "1/2-1/2"]
[WhiteElo "2155"]
[BlackElo "2631"]
[PlyCount "93"]
[EventDate "2009.07.25"]
[EventType "swiss"]
[EventRounds "11"]
[EventCountry "BRA"]
[Source "lmi"]
[SourceDate "2009.07.25"]

1. e4 c6 2. d4 d5 3. exd5 cxd5 4. c4 Nf6 5. Nc3 e6 6. Nf3 Be7 7. cxd5 Nxd5 8.
Bd3 Nc6 9. O-O O-O 10. Re1 Bf6 11. Be4 Nce7 12. Qb3 h6 13. Bd2 Nxc3 14. Bxc3
Rb8 15. Qa3 a6 16. Bb4 Re8 17. Bd6 Ra8 18. Rac1 Nd5 19. h3 Be7 20. Bxe7 Nxe7
21. Qc5 Rb8 22. Ne5 Bd7 23. Qc7 Bc6 24. Qxd8 Rexd8 25. Bxc6 bxc6 26. Rxc6 Rxb2
27. Rxa6 Rxd4 28. Ra7 Nc8 29. Rxf7 Rxa2 30. Rf3 Ne7 31. Nd3 Ra3 32. Rxe6 Raxd3
33. Rxd3 Rxd3 34. Rxe7 Ra3 35. h4 Ra5 36. Kh2 h5 37. Kg3 Kh7 38. Re6 g6 39. f3
Ra4 40. Re5 Kg7 41. Rg5 Kf6 42. f4 Ra3+ 43. Kh2 Ra4 44. g3 Ra2+ 45. Kh3 Ra3 46.
f5 gxf5 47. Rxh5 1/2-1/2

[Event "Campeonato Continental Americas 2009"]
[Site "Sao Paulo BRA"]
[Date "2009.07.25"]
[Round "1.4"]
[White "Lucena, Lincoln"]
[Black "Leitao, Rafael"]
[Result "0-1"]
[WhiteElo "2150"]
[BlackElo "2610"]
[PlyCount "84"]
[EventDate "2009.07.25"]
[EventType "swiss"]
[EventRounds "11"]
[EventCountry "BRA"]
[Source "lmi"]
[SourceDate "2009.07.25"]

1. e4 c5 2. Nc3 Nc6 3. g3 g6 4. Bg2 Bg7 5. d3 d6 6. f4 Nf6 7. Nf3 O-O 8. Be3 b5
9. h3 b4 10. Ne2 a5 11. O-O Ba6 12. g4 a4 13. Qd2 Nd7 14. Rab1 Rb8 15. Rf2 c4
16. dxc4 Bxc4 17. b3 Ba6 18. Rd1 Nc5 19. Nfd4 Nxd4 20. Bxd4 Bxe2 21. Rxe2 Bxd4+
22. Qxd4 Qb6 23. Kh2 Rfd8 24. Red2 Qc7 25. Qc4 Rdc8 26. Kh1 Ne6 27. Qxc7 Rxc7
28. f5 Nc5 29. fxg6 hxg6 30. e5 dxe5 31. Rd8+ Rxd8 32. Rxd8+ Kg7 33. Rb8 axb3
34. cxb3 Nd3 35. Bf1 e4 36. Bxd3 exd3 37. Rd8 Rc3 38. Kg2 e5 39. Kf3 f5 40. g5
Rc7 41. Ke3 e4 42. Rd4 Re7 0-1

[Event "Campeonato Continental Americas 2009"]
[Site "Sao Paulo BRA"]
[Date "2009.07.25"]
[Round "1.5"]
[White "Fier, Alexandr"]
[Black "Utiyama, Marcel Heimar Ribei"]
[Result "1-0"]
[WhiteElo "2604"]
[BlackElo "2146"]
[PlyCount "117"]
[EventDate "2009.07.25"]
[EventType "swiss"]
[EventRounds "11"]
[EventCountry "BRA"]
[Source "lmi"]
[SourceDate "2009.07.25"]

1. d4 Nf6 2. c4 g6 3. Nc3 d5 4. Bf4 Bg7 5. e3 c5 6. dxc5 Qa5 7. Rc1 Ne4 8. cxd5
Nxc3 9. Qd2 Qxa2 10. Rxc3 Qa1+ 11. Rc1 Qxb2 12. Nf3 O-O 13. Bc4 Nd7 14. Ba2 b6
15. c6 Nc5 16. Bc4 Bf5 17. Nd4 Qxd2+ 18. Kxd2 Be4 19. f3 Bxd5 20. Bxd5 Rad8 21.
Bc4 e5 22. Bg5 exd4 23. Bxd8 Rxd8 24. Ke2 Re8 25. e4 Bh6 26. Ra1 Re7 27. Rhd1
Be3 28. Ra3 Rc7 29. Bd5 b5 30. Ra5 a6 31. Rda1 Kf8 32. Rxa6 Nxa6 33. Rxa6 Ke7
34. Ra5 Bg1 35. h3 Bh2 36. Rxb5 f6 37. Kd3 Be5 38. Ra5 g5 39. g4 Kd6 40. Kc4
Rc8 41. Ra7 Rc7 42. Ra8 Re7 43. Kb5 d3 44. Bc4 Bf4 45. Rd8+ Kc7 46. Rxd3 Re5+
47. Bd5 Re8 48. Ra3 Rb8+ 49. Kc4 Kb6 50. Kd3 Be5 51. Ra2 Bf4 52. Ke2 Be5 53. h4
Bf4 54. h5 h6 55. Kd3 Be5 56. Ra3 Bd6 57. Rb3+ Kc5 58. Rc3+ Kb6 59. c7 1-0

[Event "Campeonato Continental Americas 2009"]
[Site "Sao Paulo BRA"]
[Date "2009.07.25"]
[Round "1.6"]
[White "Monteiro Neto, Cesidio"]
[Black "Corrales Jimenez, Fidel"]
[Result "0-1"]
[WhiteElo "2145"]
[BlackElo "2602"]
[PlyCount "44"]
[EventDate "2009.07.25"]
[EventType "swiss"]
[EventRounds "11"]
[EventCountry "BRA"]
[Source "lmi"]
[SourceDate "2009.07.25"]

1. e4 c5 2. Nf3 d6 3. d4 cxd4 4. Nxd4 Nf6 5. Nc3 a6 6. Bg5 e6 7. f3 b5 8. Qd2
Nbd7 9. O-O-O Bb7 10. g4 Rc8 11. a3 Be7 12. Be3 Nb6 13. Qf2 Rxc3 14. bxc3 Na4
15. Nxb5 O-O 16. g5 Nxe4 17. Qh4 axb5 18. fxe4 Nxc3 19. Rd4 Qa5 20. Bd3 e5 21.
Rd5 Qxa3+ 22. Kd2 Qb4 0-1

[Event "Campeonato Continental Americas 2009"]
[Site "Sao Paulo BRA"]
[Date "2009.07.25"]
[Round "1.7"]
[White "Milos, Gilberto"]
[Black "Araujo, Jose Roberto"]
[Result "1-0"]
[WhiteElo "2589"]
[BlackElo "2142"]
[PlyCount "73"]
[EventDate "2009.07.25"]
[EventType "swiss"]
[EventRounds "11"]
[EventCountry "BRA"]
[Source "lmi"]
[SourceDate "2009.07.25"]

1. e4 e6 2. d4 d5 3. Nd2 c5 4. Ngf3 cxd4 5. Nxd4 Nf6 6. e5 Nfd7 7. N2f3 Qb6 8.
Bb5 Nc6 9. O-O Nxd4 10. Nxd4 Bc5 11. Be3 O-O 12. Bxd7 Bxd7 13. Qd2 Qc7 14. Rfe1
Qxe5 15. Nxe6 Bxe3 16. Nxf8 Bxd2 17. Rxe5 Bc6 18. Nd7 Bb4 19. c3 Bd6 20. Rae1
Bxe5 21. Nxe5 Re8 22. f4 f6 23. Nf3 Rxe1+ 24. Nxe1 Kf7 25. Kf2 Ke6 26. Ke3 b6
27. Nc2 Kd6 28. Kd4 Bd7 29. Ne3 Be6 30. f5 Bd7 31. g4 Bc6 32. b4 g6 33. fxg6
hxg6 34. h4 Ke6 35. h5 g5 36. Nxd5 Bxd5 37. h6 1-0

[Event "Campeonato Continental Americas 2009"]
[Site "Sao Paulo BRA"]
[Date "2009.07.25"]
[Round "1.9"]
[White "Quesada Perez, Yunieski"]
[Black "Restuccia, Francisco"]
[Result "1-0"]
[WhiteElo "2584"]
[BlackElo "2136"]
[PlyCount "53"]
[EventDate "2009.07.25"]
[EventType "swiss"]
[EventRounds "11"]
[EventCountry "BRA"]
[Source "lmi"]
[SourceDate "2009.07.25"]

1. e4 c5 2. Nf3 d6 3. d4 cxd4 4. Nxd4 Nf6 5. Nc3 a6 6. Be3 e5 7. Nb3 Be6 8. Qd2
Nbd7 9. O-O-O Be7 10. f4 Rc8 11. Kb1 O-O 12. f5 Bc4 13. Bxc4 Rxc4 14. Qd3 b5
15. Rhg1 Rc6 16. g4 b4 17. Nd5 Nxd5 18. exd5 Rc8 19. g5 Qc7 20. f6 Bd8 21. fxg7
Kxg7 22. Rg4 a5 23. Rf1 a4 24. Nd2 Nc5 25. Bxc5 dxc5 26. Rh4 Rh8 27. Qf5 1-0

[Event "Campeonato Continental Americas 2009"]
[Site "Sao Paulo BRA"]
[Date "2009.07.25"]
[Round "1.11"]
[White "Kudrin, Sergey"]
[Black "Palozi, Paulo Ricardo"]
[Result "1-0"]
[WhiteElo "2578"]
[BlackElo "2127"]
[PlyCount "59"]
[EventDate "2009.07.25"]
[EventType "swiss"]
[EventRounds "11"]
[EventCountry "BRA"]
[Source "lmi"]
[SourceDate "2009.07.25"]

1. e4 e5 2. Bc4 Nc6 3. Nf3 Bc5 4. c3 Qe7 5. O-O d6 6. b4 Bb6 7. a4 a6 8. d3 Be6
9. Nbd2 Nf6 10. Ba3 Nd7 11. Bd5 O-O 12. Nc4 Nd8 13. d4 Bxd5 14. exd5 e4 15.
Nfd2 Ba7 16. f3 b5 17. Ne3 f5 18. fxe4 fxe4 19. Nf5 Rxf5 20. Rxf5 Nf6 21. Qe2
e3 22. Re1 Qd7 23. Rxf6 gxf6 24. Qxe3 bxa4 25. Ne4 Qe7 26. Qg3+ Kf8 27. Nxf6
Qxf6 28. Rf1 Qxf1+ 29. Kxf1 Nf7 30. Qd3 1-0

[Event "Campeonato Continental Americas 2009"]
[Site "Sao Paulo BRA"]
[Date "2009.07.25"]
[Round "1.13"]
[White "Hernandez Carmenates, Holden"]
[Black "Schutt, Ricardo"]
[Result "1/2-1/2"]
[WhiteElo "2573"]
[BlackElo "2123"]
[PlyCount "57"]
[EventDate "2009.07.25"]
[EventType "swiss"]
[EventRounds "11"]
[EventCountry "BRA"]
[Source "lmi"]
[SourceDate "2009.07.25"]

1. e4 e6 2. d4 d5 3. Nc3 Bb4 4. exd5 exd5 5. Bd3 Nc6 6. a3 Bxc3+ 7. bxc3 Nge7
8. Qh5 Be6 9. Nf3 Qd7 10. Ng5 g6 11. Qf3 O-O-O 12. Nxe6 Qxe6+ 13. Kd1 Nf5 14.
Re1 Qd7 15. Bg5 Rde8 16. Kd2 Rhg8 17. Rxe8+ Rxe8 18. Re1 Rxe1 19. Kxe1 Qe6+ 20.
Kf1 Nd6 21. Bf4 Na5 22. Bxd6 cxd6 23. Qf4 Nc4 24. Bxc4 dxc4 25. g3 f6 26. h4
Kc7 27. d5 Qxd5 28. Qxf6 Qd1+ 29. Kg2 1/2-1/2

[Event "Campeonato Continental Americas 2009"]
[Site "Sao Paulo BRA"]
[Date "2009.07.25"]
[Round "1.15"]
[White "Lafuente, Pablo"]
[Black "Shiroma, Silvio Haruo"]
[Result "1-0"]
[WhiteElo "2562"]
[BlackElo "2119"]
[PlyCount "51"]
[EventDate "2009.07.25"]
[EventType "swiss"]
[EventRounds "11"]
[EventCountry "BRA"]
[Source "lmi"]
[SourceDate "2009.07.25"]

1. d4 Nf6 2. c4 g6 3. Nc3 Bg7 4. e4 d6 5. Bd3 e5 6. d5 a5 7. Nge2 Na6 8. f3 h5
9. Be3 Bh6 10. Bxh6 Rxh6 11. a3 Nc5 12. Bc2 Kf8 13. Rb1 h4 14. b4 axb4 15. axb4
Na6 16. Qd2 Kg7 17. O-O Qe7 18. f4 c5 19. dxc6 exf4 20. Na4 Rb8 21. c5 h3 22.
g3 Ng4 23. Bb3 Be6 24. Bxe6 Qxe6 25. Nb6 Qe7 26. Qc3+ 1-0

[Event "Campeonato Continental Americas 2009"]
[Site "Sao Paulo BRA"]
[Date "2009.07.25"]
[Round "1.16"]
[White "Moyses Filho, Joao"]
[Black "Bachmann, Axel"]
[Result "0-1"]
[WhiteElo "2118"]
[BlackElo "2559"]
[PlyCount "66"]
[EventDate "2009.07.25"]
[EventType "swiss"]
[EventRounds "11"]
[EventCountry "BRA"]
[Source "lmi"]
[SourceDate "2009.07.25"]

1. e4 g6 2. d4 Bg7 3. f4 d6 4. Nf3 c5 5. c3 cxd4 6. cxd4 Nf6 7. Bd3 O-O 8. Nc3
Nc6 9. O-O Bg4 10. Bb5 Qb6 11. Bxc6 bxc6 12. h3 Bxf3 13. Rxf3 Rab8 14. Kh1 Qa5
15. Rd3 Rfc8 16. Qe2 c5 17. e5 c4 18. Rg3 Nd5 19. Ne4 Qb6 20. Qd1 Rd8 21. Ng5
dxe5 22. fxe5 f6 23. Nxh7 Kxh7 24. Qg4 fxe5 25. dxe5 Bxe5 26. Rf3 Nf6 27. Qh4+
Kg8 28. Be3 Bd4 29. Bg5 Qe6 30. Re1 Qf7 31. b3 cxb3 32. axb3 Rxb3 33. Rf4 Be5
0-1

[Event "Campeonato Continental Americas 2009"]
[Site "Sao Paulo BRA"]
[Date "2009.07.25"]
[Round "1.18"]
[White "Bibiloni, Jorge"]
[Black "Mecking, Henrique"]
[Result "1/2-1/2"]
[WhiteElo "2109"]
[BlackElo "2556"]
[PlyCount "60"]
[EventDate "2009.07.25"]
[EventType "swiss"]
[EventRounds "11"]
[EventCountry "BRA"]
[Source "lmi"]
[SourceDate "2009.07.25"]

1. e4 c5 2. d3 Nc6 3. g3 g6 4. Bg2 Bg7 5. f4 d6 6. Nf3 e5 7. fxe5 dxe5 8. O-O
Nge7 9. Nc3 O-O 10. Be3 b6 11. Qd2 Nd4 12. Nd5 Nxd5 13. exd5 Nxf3+ 14. Bxf3 Bh3
15. Rfe1 e4 16. dxe4 Bxb2 17. Rad1 Qf6 18. Qf2 Bc3 19. Re2 Bd7 20. Qg2 Be5 21.
Rf2 Qd6 22. Be2 f5 23. Bd3 fxe4 24. Bxe4 Rxf2 25. Bxf2 Rf8 26. Be3 Bb5 27. Bd3
Bxd3 28. Rxd3 c4 29. Rd1 a6 30. Qe4 b5 1/2-1/2

[Event "Campeonato Continental Americas 2009"]
[Site "Sao Paulo BRA"]
[Date "2009.07.25"]
[Round "1.20"]
[White "Azevedo, Alcides Alexandre"]
[Black "Friedel, Joshua E"]
[Result "0-1"]
[WhiteElo "2105"]
[BlackElo "2547"]
[PlyCount "90"]
[EventDate "2009.07.25"]
[EventType "swiss"]
[EventRounds "11"]
[EventCountry "BRA"]
[Source "lmi"]
[SourceDate "2009.07.25"]

1. c4 e5 2. Nc3 Nf6 3. g3 Bb4 4. Bg2 O-O 5. e3 Bxc3 6. bxc3 e4 7. f3 Re8 8.
fxe4 Nxe4 9. Qc2 d5 10. d3 Nf6 11. cxd5 Nxd5 12. e4 Qf6 13. Ne2 Bg4 14. Bd2 Nc6
15. Rc1 Rad8 16. Nf4 Nxf4 17. Bxf4 g5 18. Be3 Ne5 19. Rf1 Qa6 20. Kf2 Nxd3+ 21.
Kg1 Nxc1 22. Qxc1 Be2 23. Re1 g4 24. Bd4 Bf3 25. Bf1 Qg6 26. e5 b6 27. e6 Rxe6
28. Rxe6 fxe6 29. Bd3 Rxd4 30. Bxg6 Rd1+ 31. Qxd1 Bxd1 32. Be4 Kg7 33. Kf2 h6
34. Ke3 Kf6 35. Kf4 Be2 36. a3 c5 37. Ke3 Ke5 38. Bb1 Bc4 39. Be4 a5 40. Bg6 b5
41. Bb1 b4 42. cxb4 cxb4 43. axb4 a4 44. Bd3 Bxd3 45. Kxd3 Kd5 0-1

[Event "Campeonato Continental Americas 2009"]
[Site "Sao Paulo BRA"]
[Date "2009.07.25"]
[Round "1.22"]
[White "Prieto, Ernesto"]
[Black "Leon Hoyos, Manuel"]
[Result "0-1"]
[WhiteElo "2104"]
[BlackElo "2525"]
[PlyCount "64"]
[EventDate "2009.07.25"]
[EventType "swiss"]
[EventRounds "11"]
[EventCountry "BRA"]
[Source "lmi"]
[SourceDate "2009.07.25"]

1. e4 c5 2. Nf3 g6 3. d4 cxd4 4. Nxd4 Nc6 5. Nc3 Bg7 6. Be3 Nf6 7. f3 O-O 8.
Qd2 d5 9. Nxc6 bxc6 10. O-O-O Qa5 11. e5 Nd7 12. f4 e6 13. Kb1 Rb8 14. b3 Rb4
15. Ne2 c5 16. Nc1 d4 17. Bf2 Nb6 18. c3 dxc3 19. Qxc3 Na4 20. Qd2 Bb7 21. a3
Be4+ 22. Ka2 Nb6 23. Bxc5 Qxc5 24. axb4 Qc6 25. Bd3 Bxg2 26. Rhg1 Bd5 27. Kb2
Rb8 28. Qc3 Qd7 29. Ba6 Bf8 30. Nd3 Qe8 31. Nc5 Qc6 32. Rc1 Bxc5 0-1

[Event "Campeonato Continental Americas 2009"]
[Site "Sao Paulo BRA"]
[Date "2009.07.25"]
[Round "1.23"]
[White "Zapata, Alonso"]
[Black "Chaves, Jorge Antonio"]
[Result "1-0"]
[WhiteElo "2523"]
[BlackElo "2102"]
[PlyCount "65"]
[EventDate "2009.07.25"]
[EventType "swiss"]
[EventRounds "11"]
[EventCountry "BRA"]
[Source "lmi"]
[SourceDate "2009.07.25"]

1. e4 e5 2. Nf3 Nf6 3. d4 Nxe4 4. Bd3 d5 5. Nxe5 Nd7 6. Nxd7 Bxd7 7. O-O Bd6 8.
c4 c6 9. cxd5 cxd5 10. Nc3 Nxc3 11. bxc3 O-O 12. Qh5 f5 13. Qf3 Kh8 14. Bf4
Bxf4 15. Qxf4 Qf6 16. Rfe1 Rae8 17. Qc7 Bc6 18. f4 Qh4 19. g3 Qf6 20. Kf2 Qh6
21. h4 Qf6 22. Rxe8 Rxe8 23. Re1 Rxe1 24. Kxe1 g6 25. Qb8+ Kg7 26. Qxa7 Qd6 27.
Qc5 Qe6+ 28. Kf2 h6 29. Qa3 g5 30. hxg5 hxg5 31. fxg5 Be8 32. Qc1 Bh5 33. Qe3
1-0

[Event "Campeonato Continental Americas 2009"]
[Site "Sao Paulo BRA"]
[Date "2009.07.25"]
[Round "1.24"]
[White "Pires, Marcos Vinicius Tor"]
[Black "Diamant, Andre"]
[Result "0-1"]
[WhiteElo "2100"]
[BlackElo "2520"]
[PlyCount "88"]
[EventDate "2009.07.25"]
[EventType "swiss"]
[EventRounds "11"]
[EventCountry "BRA"]
[Source "lmi"]
[SourceDate "2009.07.25"]

1. d4 Nf6 2. c4 g6 3. Nc3 Bg7 4. e4 d6 5. Nge2 O-O 6. Ng3 c6 7. Be2 a6 8. O-O
b5 9. e5 Nfd7 10. f4 bxc4 11. Bxc4 Nb6 12. Bb3 N8d7 13. e6 fxe6 14. Bxe6+ Kh8
15. Nce4 Nd5 16. Ng5 Qb6 17. Nf7+ Rxf7 18. Bxf7 Qxd4+ 19. Kh1 Qxd1 20. Rxd1 Bb7
21. Ne4 Rf8 22. Be6 N7b6 23. Rf1 c5 24. f5 Nc7 25. Ng5 Nxe6 26. Nxe6 Rxf5 27.
Bg5 Nd5 28. Rxf5 gxf5 29. Nd8 Ba8 30. Re1 Kg8 31. b3 e5 32. Rf1 f4 33. Rd1 h6
34. Bh4 Ne3 35. Rxd6 Bxg2+ 36. Kg1 Nf5 37. Rg6 Nxh4 38. Rg4 Bf3 39. Rxh4 Bf6
40. Rh3 Bg4 41. Rd3 e4 42. Rd2 e3 43. Rg2 h5 44. h3 e2 0-1

[Event "Campeonato Continental Americas 2009"]
[Site "Sao Paulo BRA"]
[Date "2009.07.25"]
[Round "1.25"]
[White "Mareco, Sandro"]
[Black "Ferreira, Kleber Victor"]
[Result "1-0"]
[WhiteElo "2515"]
[BlackElo "2094"]
[PlyCount "80"]
[EventDate "2009.07.25"]
[EventType "swiss"]
[EventRounds "11"]
[EventCountry "BRA"]
[Source "lmi"]
[SourceDate "2009.07.25"]

1. d4 d5 2. c4 e5 3. dxe5 d4 4. Nf3 Nc6 5. g3 Be6 6. Nbd2 Qd7 7. a3 Nge7 8. Bg2
Bh3 9. Bxh3 Qxh3 10. Ne4 Ng6 11. Neg5 Qd7 12. Qd3 O-O-O 13. Bf4 Nxf4 14. gxf4
h6 15. Ne4 Qg4 16. Qd2 g5 17. Rg1 Qe6 18. O-O-O gxf4 19. Qc2 Be7 20. Kb1 Rd7
21. Ned2 Rhd8 22. Nb3 a5 23. Rd2 a4 24. Nc1 Nxe5 25. Qxa4 Kb8 26. Nxe5 Qxe5 27.
Nd3 Qf5 28. f3 c5 29. Qc2 Bd6 30. Nf2 Qe6 31. Re1 Rg8 32. Nd3 f5 33. Qa4 Rdg7
34. Qb5 Qe7 35. b4 cxb4 36. c5 Qe6 37. cxd6 Rg1 38. Qxb4 Rxe1+ 39. Nxe1 Rc8 40.
Nd3 Rc4 1-0

[Event "Campeonato Continental Americas 2009"]
[Site "Sao Paulo BRA"]
[Date "2009.07.25"]
[Round "1.26"]
[White "Cajal, Andre"]
[Black "Perez Rodriguez, Luis Manuel"]
[Result "0-1"]
[WhiteElo "2092"]
[BlackElo "2512"]
[PlyCount "74"]
[EventDate "2009.07.25"]
[EventType "swiss"]
[EventRounds "11"]
[EventCountry "BRA"]
[Source "lmi"]
[SourceDate "2009.07.25"]

1. e4 e5 2. Nf3 Nc6 3. Bb5 a6 4. Ba4 Nf6 5. O-O Be7 6. Re1 b5 7. Bb3 O-O 8. h3
d5 9. exd5 Nxd5 10. Nc3 Nxc3 11. bxc3 Bf6 12. Bb2 Re8 13. c4 Bf5 14. cxb5 axb5
15. d3 e4 16. Bxf6 Qxf6 17. dxe4 Bxe4 18. Re3 Re7 19. Rb1 Rae8 20. Qf1 Qf5 21.
Rd1 h6 22. Ne1 Ne5 23. Qe2 Ng6 24. Qg4 Nf4 25. Qxf5 Bxf5 26. Rxe7 Rxe7 27. Nf3
c5 28. c4 b4 29. Rd6 Be4 30. Ne1 g5 31. Kf1 Kg7 32. Bc2 Bxc2 33. Nxc2 Re2 34.
Ne3 Rxa2 35. Nf5+ Kg8 36. Nxh6+ Kh7 37. Kg1 b3 0-1

[Event "Campeonato Continental Americas 2009"]
[Site "Sao Paulo BRA"]
[Date "2009.07.25"]
[Round "1.27"]
[White "Matsuura, Everaldo"]
[Black "Abdalla., Luiz Guilherme Aure"]
[Result "1-0"]
[WhiteElo "2491"]
[BlackElo "2089"]
[PlyCount "55"]
[EventDate "2009.07.25"]
[EventType "swiss"]
[EventRounds "11"]
[EventCountry "BRA"]
[Source "lmi"]
[SourceDate "2009.07.25"]

1. e4 e6 2. d4 d5 3. Nc3 Nf6 4. e5 Nfd7 5. Nce2 c5 6. f4 Nc6 7. c3 cxd4 8. cxd4
Qb6 9. Nf3 Be7 10. a3 Na5 11. Nc3 Qb3 12. Qd3 Nc4 13. Rb1 Qb6 14. f5 f6 15.
fxe6 Qxe6 16. Nxd5 Qxd5 17. Qxc4 Qe4+ 18. Kf2 Qxb1 19. exf6 Nxf6 20. Bd3 Ne4+
21. Ke2 Nd6 22. Qb3 Qa1 23. Re1 Bg4 24. Bf4 Bxf3+ 25. gxf3 Qxe1+ 26. Kxe1 Rf8
27. Bxd6 Bxd6 28. Qe6+ 1-0

[Event "Campeonato Continental Americas 2009"]
[Site "Sao Paulo BRA"]
[Date "2009.07.25"]
[Round "1.29"]
[White "Rios, Mauricio Flores"]
[Black "Saito, Vinicius"]
[Result "1-0"]
[WhiteElo "2482"]
[BlackElo "2080"]
[PlyCount "117"]
[EventDate "2009.07.25"]
[EventType "swiss"]
[EventRounds "11"]
[EventCountry "BRA"]
[Source "lmi"]
[SourceDate "2009.07.25"]

1. e4 e6 2. d4 d5 3. Nd2 c5 4. Ngf3 cxd4 5. Nxd4 Nf6 6. e5 Nfd7 7. N2f3 Nc6 8.
Qe2 a6 9. c3 Qc7 10. Bf4 Be7 11. h4 b5 12. a3 Bb7 13. g3 h5 14. Bh3 Nf8 15. Bd2
Nxd4 16. cxd4 Qb6 17. O-O Nd7 18. Qe1 a5 19. b4 a4 20. Rc1 Rc8 21. Rc5 Bc6 22.
Bg5 Qb7 23. Bxe7 Kxe7 24. Rc3 Nb6 25. Qe3 Nc4 26. Qf4 Rcg8 27. Ne1 Ke8 28. Nd3
Qe7 29. Qc1 g5 30. hxg5 Qxg5 31. Qd1 Rh7 32. Qe2 Qh4 33. Kh2 Qxd4 34. Rc2 Rhg7
35. Re1 Rg5 36. Rcc1 Ke7 37. Qf3 Bd7 38. Nc5 Bc8 39. Qf6+ Ke8 40. Rcd1 Qc3 41.
Nxe6 fxe6 42. Bxe6 Rf8 43. Qxg5 Bxe6 44. Qxh5+ Ke7 45. Kg1 Qc2 46. Rf1 Rf7 47.
Rd4 Rh7 48. Qg5+ Kd7 49. Rf4 Nd2 50. Rf8 Re7 51. Qe3 Nxf1 52. Qb6 Qc7 53. Qxb5+
Qc6 54. Rd8+ Kxd8 55. Qxc6 Nd2 56. b5 Nf3+ 57. Kg2 Nxe5 58. Qd6+ Nd7 59. b6 1-0

[Event "Campeonato Continental Americas 2009"]
[Site "Sao Paulo BRA"]
[Date "2009.07.25"]
[Round "1.30"]
[White "Da Mata, Luis Carlos"]
[Black "Barrientos, Sergio E"]
[Result "1/2-1/2"]
[WhiteElo "2079"]
[BlackElo "2474"]
[PlyCount "83"]
[EventDate "2009.07.25"]
[EventType "swiss"]
[EventRounds "11"]
[EventCountry "BRA"]
[Source "lmi"]
[SourceDate "2009.07.25"]

1. e4 c5 2. Nf3 Nc6 3. d4 cxd4 4. Nxd4 Qc7 5. Be3 a6 6. Bd3 Nf6 7. Nxc6 dxc6 8.
f3 e5 9. Qe2 Be7 10. Nd2 O-O 11. Nc4 Be6 12. Nb6 Rad8 13. a4 a5 14. Bc4 Nd5 15.
exd5 cxd5 16. Bxd5 Bxd5 17. Nxd5 Rxd5 18. O-O Rfd8 19. Rfd1 Bc5 20. Rxd5 Rxd5
21. Bxc5 Qxc5+ 22. Kf1 Qd6 23. Re1 Qb4 24. Rd1 Rxd1+ 25. Qxd1 g6 26. b3 h5 27.
Qd3 Kg7 28. Ke2 Qc5 29. Kf1 b6 30. h3 Qb4 31. Ke2 h4 32. Qb5 Qxb5+ 33. axb5 Kf6
34. f4 Ke6 35. fxe5 Kxe5 36. Ke3 f5 37. c4 g5 38. Kd3 Ke6 39. Kd4 Kd6 40. Kd3
Ke6 41. Ke3 Ke7 42. Kd3 1/2-1/2

[Event "Campeonato Continental Americas 2009"]
[Site "Sao Paulo BRA"]
[Date "2009.07.25"]
[Round "1.33"]
[White "Bittencourt, Jorge"]
[Black "Hirota Da Silva, Nilton"]
[Result "1-0"]
[WhiteElo "2471"]
[BlackElo "2067"]
[PlyCount "60"]
[EventDate "2009.07.25"]
[EventType "swiss"]
[EventRounds "11"]
[EventCountry "BRA"]
[Source "lmi"]
[SourceDate "2009.07.25"]

1. e4 d6 2. d4 c6 3. Nc3 e5 4. Nf3 Nd7 5. Bc4 Be7 6. a4 a5 7. dxe5 dxe5 8. Ng5
Bxg5 9. Qh5 g6 10. Qxg5 Qxg5 11. Bxg5 Nc5 12. O-O-O Be6 13. Be3 Bxc4 14. Bxc5
Nf6 15. Rd2 Nd7 16. Bd6 O-O-O 17. Rhd1 Rhe8 18. b3 Be6 19. Rd3 f6 20. Nb5 cxb5
21. Rc3+ Bc4 22. axb5 Nb6 23. bxc4 Na8 24. Ra3 b6 25. c5 Nc7 26. c4 bxc5 27.
Bxc5 Ne6 28. Be3 Nd4 29. Kb2 Kd7 30. Bxd4 Kc7 1-0

[Event "Campeonato Continental Americas 2009"]
[Site "Sao Paulo BRA"]
[Date "2009.07.25"]
[Round "1.34"]
[White "Santana, Anderson Pereira"]
[Black "El Debs, Felipe de Cresce"]
[Result "0-1"]
[WhiteElo "2063"]
[BlackElo "2467"]
[PlyCount "64"]
[EventDate "2009.07.25"]
[EventType "swiss"]
[EventRounds "11"]
[EventCountry "BRA"]
[Source "lmi"]
[SourceDate "2009.07.25"]

1. e4 c5 2. Nf3 e6 3. d4 cxd4 4. Nxd4 Nc6 5. Nc3 Qc7 6. Be3 Nf6 7. f3 Bb4 8.
Ndb5 Qb8 9. a3 Be7 10. g4 a6 11. Nd4 b5 12. Nxc6 dxc6 13. f4 h5 14. Be2 e5 15.
f5 hxg4 16. Bxg4 Qc7 17. O-O g6 18. Kh1 Bd7 19. Bg5 Nxg4 20. Qxg4 gxf5 21. exf5
Rg8 22. Ne4 O-O-O 23. Qh5 Bxg5 24. Nxg5 c5 25. Rfd1 f6 26. Nf3 Rh8 27. Qf7 e4
28. Qxf6 exf3 29. Qxa6+ Kb8 30. Rd6 Bc6 31. Qxc6 Rxd6 32. Qxc7+ Kxc7 0-1

[Event "Campeonato Continental Americas 2009"]
[Site "Sao Paulo BRA"]
[Date "2009.07.25"]
[Round "1.37"]
[White "Perez Garcia, Rodney"]
[Black "Chang, Suzana"]
[Result "1-0"]
[WhiteElo "2446"]
[BlackElo "2047"]
[PlyCount "39"]
[EventDate "2009.07.25"]
[EventType "swiss"]
[EventRounds "11"]
[EventCountry "BRA"]
[Source "lmi"]
[SourceDate "2009.07.25"]

1. e4 e6 2. b3 d5 3. Bb2 dxe4 4. Nc3 Nf6 5. Qe2 Bd6 6. Nxe4 Nxe4 7. Qxe4 O-O 8.
Nf3 Qe7 9. d4 Ba3 10. Bd3 g6 11. Bxa3 Qxa3 12. h4 Qb4+ 13. Kf1 Qe7 14. h5 Nd7
15. Re1 Qf6 16. Ne5 Rd8 17. hxg6 hxg6 18. Re3 Qg7 19. Nxf7 Qxf7 20. Qh4 1-0

[Event "Campeonato Continental Americas 2009"]
[Site "Sao Paulo BRA"]
[Date "2009.07.25"]
[Round "1.38"]
[White "Cella, Glaucio Dalla Cortt"]
[Black "Liascovich, Lucas"]
[Result "1/2-1/2"]
[WhiteElo "2044"]
[BlackElo "2444"]
[PlyCount "65"]
[EventDate "2009.07.25"]
[EventType "swiss"]
[EventRounds "11"]
[EventCountry "BRA"]
[Source "lmi"]
[SourceDate "2009.07.25"]

1. e4 e5 2. Nf3 Nc6 3. d4 exd4 4. Bc4 Nf6 5. e5 d5 6. Bb5 Ne4 7. Nxd4 Bd7 8.
Nxc6 bxc6 9. Bd3 Nc5 10. Be2 Be7 11. O-O O-O 12. Be3 Qb8 13. b3 a5 14. a4 Ne6
15. f4 f5 16. Kh1 Bc5 17. Bxc5 Nxc5 18. Nd2 Qb4 19. g3 Kh8 20. Nf3 Ne4 21. Bd3
Nc3 22. Qe1 c5 23. e6 Rae8 24. Bxf5 Bc6 25. Qe5 d4 26. Kg1 Ne2+ 27. Kf2 Bxf3
28. Kxf3 d3 29. Bxd3 Rxe6 30. Qxc7 Qd4 31. Rad1 Re3+ 32. Kg4 h5+ 33. Kh3
1/2-1/2

[Event "Campeonato Continental Americas 2009"]
[Site "Sao Paulo BRA"]
[Date "2009.07.25"]
[Round "1.39"]
[White "Dos Santos, Ramiro"]
[Black "Barata, Hemar Antonio Galva"]
[Result "1-0"]
[WhiteElo "2438"]
[BlackElo "2043"]
[PlyCount "58"]
[EventDate "2009.07.25"]
[EventType "swiss"]
[EventRounds "11"]
[EventCountry "BRA"]
[Source "lmi"]
[SourceDate "2009.07.25"]

1. e4 e5 2. Nf3 Nf6 3. d4 exd4 4. e5 Ne4 5. Qxd4 d5 6. exd6 Nxd6 7. Bd3 Nc6 8.
Qf4 Be7 9. Nc3 Be6 10. Be3 h6 11. O-O Qd7 12. Rad1 g5 13. Qa4 g4 14. Nd4 Ne5
15. Nxe6 fxe6 16. Bb5 c6 17. Be2 Rg8 18. Ne4 Qc7 19. Kh1 Nf5 20. Bf4 b5 21.
Bxb5 Rb8 22. Bc4 Rb4 23. Bxe5 Rxa4 24. Bxc7 Rxc4 25. Nc3 Bf6 26. Rfe1 Ke7 27.
Re4 Rxe4 28. Nxe4 Bxb2 29. Rb1 Rc8 1-0